000 00818nam a2200241 a 4500
999 _c6417
_d6417
001 6417
003 BD-JhCC
005 20180123181754.0
008 171104s1979 bg |||| ||a| 000 0 ben d
035 _a(BD-JhCC) 6417
040 _aBD-JhCC
_dBD-JhCC
041 _aben
082 _a297.18
_bAZA 1979
100 _aআযাদ, আবুল কালাম
245 _aহযরত ইউসুফ (আ:) /
_cআবুল কালাম আযাদ, আবদুল আউয়াল (অনুবাদ)
260 _aঢাকা :
_bইসলামিক ফাউন্ডেশন বাংলাদেশ ,
_c1979.
300 _a98 p .:
_c22 cm .
600 _aHazrat Yousuf (AM)
650 _aMuslim Legend
700 _aআউয়াল, আবদুল
942 _2ddc
_cBK